Départements par première et dernière lettre #1 - Statistiques

Statistiques générales
  • Ce quiz a été pris 44 fois
  • Le résultat moyen est 12 sur 15
Statistiques - réponses
Première
Lettre
Départements Dernière
Lettre
% Correct
G Gers S
93%
F Finistère E
90%
H Hérault T
90%
G Gard D
88%
V Var R
85%
A Allier R
83%
N Nièvre E
83%
R Rhône E
83%
E Eure-et-Loir R
80%
T Tarn-et-Garonne E
78%
L Loir-et-Cher R
75%
H Haut-Rhin N
70%
C Corse-du-Sud D
63%
T Territoire de Belfort T
55%
V Vosges S
55%
Aucun quiz correspondant
Distribution des résultats
% des personnes avec chaque résultat
Percentile par nombre de réponses
Votre historique - résultats
Vous n’avez pas pris ce quiz